[Event "Acropolis 2008"]
[Site "Athens"]
[Date "2008.08.09"]
[Round "1.27"]
[White "Skiadopoulos, Nikolaos"]
[Black "Roy Chowdhury, Saptarshi"]
[Result "1/2-1/2"]
[WhiteElo "2210"]
[BlackElo "2411"]
[PlyCount "43"]
[EventDate "2008.08.09"]
[EventType "swiss"]
[EventRounds "9"]
[EventCountry "GRE"]

1. e4 e6 2. d4 b6 3. Nf3 Bb7 4. Bd3 d6 5. O-O Nd7 6. a4 a6 7. Qe2 g6 8. Na3 Bg7
9. c3 Ne7 10. Nc2 O-O 11. Bg5 h6 12. Bh4 g5 13. Bg3 Ng6 14. h3 Qe7 15. Rae1 Nf4
16. Qd2 Nxd3 17. Qxd3 Rfd8 18. a5 bxa5 19. Nd2 Nf6 20. Nb3 a4 21. Na5 c5 22. f4
1/2-1/2

[Event "Acropolis 2008"]
[Site "Athens"]
[Date "2008.08.09"]
[Round "1.28"]
[White "Saravanan, V."]
[Black "Pountzas, Hrisanthos"]
[Result "1-0"]
[WhiteElo "2405"]
[BlackElo "2202"]
[PlyCount "41"]
[EventDate "2008.08.09"]
[EventType "swiss"]
[EventRounds "9"]
[EventCountry "GRE"]

1. Nf3 c5 2. c4 Nc6 3. d4 cxd4 4. Nxd4 e6 5. g3 Bc5 6. Nb3 Be7 7. Bg2 d6 8. O-O
Nf6 9. Nc3 O-O 10. Bf4 Nh5 11. Be3 Nf6 12. Rc1 Na5 13. Nb5 a6 14. Nxa5 Qxa5 15.
Nxd6 Rd8 16. c5 Ne8 17. Nc4 Qb5 18. Qb3 e5 19. Nxe5 Qxb3 20. axb3 Bf6 21. Nc4
1-0

[Event "Acropolis 2008"]
[Site "Athens"]
[Date "2008.08.09"]
[Round "1.30"]
[White "Atakisi, Umut"]
[Black "Kokolias, Konstantinos"]
[Result "1-0"]
[WhiteElo "2388"]
[BlackElo "2197"]
[PlyCount "83"]
[EventDate "2008.08.09"]
[EventType "swiss"]
[EventRounds "9"]
[EventCountry "GRE"]

1. e4 e5 2. Nf3 Nc6 3. Bb5 a6 4. Ba4 Nf6 5. O-O Be7 6. Re1 b5 7. Bb3 d6 8. c3
O-O 9. d4 Bg4 10. d5 Nb8 11. h3 Bh5 12. Nbd2 c6 13. dxc6 Qc7 14. Nf1 Qxc6 15.
Ng3 Bg6 16. Nh4 Re8 17. Ngf5 Bf8 18. Nxg6 hxg6 19. Nh4 Nbd7 20. Nxg6 Nc5 21.
Nxf8 Kxf8 22. f3 Nxb3 23. Qxb3 d5 24. Bg5 dxe4 25. Bxf6 Qxf6 26. fxe4 Red8 27.
Rf1 Qb6+ 28. Kh1 f6 29. Rad1 Qe3 30. Qc2 Rac8 31. Rfe1 Qf4 32. Rd3 Rd4 33. Qe2
Rdc4 34. a3 a5 35. Rd7 Qh4 36. Qd1 Kg8 37. Qd5+ Kh7 38. Qf7 Qg5 39. Rf1 Kh6 40.
Rf5 Qg6 41. Qe7 Re8 42. Qd6 1-0

[Event "Acropolis 2008"]
[Site "Athens"]
[Date "2008.08.09"]
[Round "1.31"]
[White "Panagiotopoulos, Alexandros"]
[Black "Aloma Vidal, Robert"]
[Result "1/2-1/2"]
[WhiteElo "2197"]
[BlackElo "2388"]
[PlyCount "115"]
[EventDate "2008.08.09"]
[EventType "swiss"]
[EventRounds "9"]
[EventCountry "GRE"]

1. e4 Nf6 2. e5 Nd5 3. d4 d6 4. c4 Nb6 5. exd6 exd6 6. Nc3 Nc6 7. d5 Ne5 8. b3
Be7 9. Nf3 O-O 10. Be2 Nxf3+ 11. Bxf3 Bf6 12. Bb2 Re8+ 13. Kf1 a5 14. a4 Nd7
15. g3 Nc5 16. Kg2 Bf5 17. Ra2 Be5 18. Ne2 Qf6 19. Bxe5 dxe5 20. Nc1 Bb1 21.
Rb2 Bg6 22. Bh5 Be4+ 23. Bf3 Bg6 24. Bh5 e4 25. Ra2 Bxh5 26. Qxh5 Re5 27. Qd1
Rd8 28. Qd4 Qf3+ 29. Kg1 Nd7 30. Re2 c6 31. Re3 Qf6 32. Rxe4 cxd5 33. Rf4 Qc6
34. Nd3 f6 35. h4 Rh5 36. g4 Re5 37. Kh2 Rde8 38. Rf3 Re4 39. Qxd5+ Qxd5 40.
cxd5 Rxg4 41. Rf4 Re4 42. Rxe4 Rxe4 43. Kg3 Rd4 44. Nf4 Rb4 45. Rc1 Rxb3+ 46.
f3 Rb4 47. Rc7 g5 48. hxg5 fxg5 49. Nd3 Rd4 50. Rxd7 Rxd3 51. Rxb7 h5 52. d6
Kf8 53. Rb5 h4+ 54. Kg4 Rd4+ 55. Kxg5 h3 56. Rb8+ Kg7 57. Rb7+ Kg8 58. Rb8+
1/2-1/2

[Event "Acropolis 2008"]
[Site "Athens"]
[Date "2008.08.09"]
[Round "1.32"]
[White "Georgiadis, Ioannis"]
[Black "Klokas, Konstantinos"]
[Result "1-0"]
[WhiteElo "2373"]
[BlackElo "2167"]
[PlyCount "23"]
[EventDate "2008.08.09"]
[EventType "swiss"]
[EventRounds "9"]
[EventCountry "GRE"]

1. e4 c5 2. Nf3 Nc6 3. Bb5 Nf6 4. Nc3 Nd4 5. e5 Nxb5 6. Nxb5 Nd5 7. Ng5 Nc7 8.
Qf3 f6 9. exf6 exf6 10. Qe4+ Be7 11. Nd6+ Kf8 12. Ngf7 1-0

[Event "Acropolis 2008"]
[Site "Athens"]
[Date "2008.08.09"]
[Round "1.33"]
[White "Dounis, Alexandros"]
[Black "Asik, Josip"]
[Result "0-1"]
[WhiteElo "2162"]
[BlackElo "2368"]
[PlyCount "110"]
[EventDate "2008.08.09"]
[EventType "swiss"]
[EventRounds "9"]
[EventCountry "GRE"]

1. e4 e6 2. b3 d5 3. Bb2 a6 4. Qe2 Nf6 5. exd5 Be7 6. dxe6 Bxe6 7. Nc3 O-O 8.
O-O-O c5 9. Nf3 Nc6 10. Ne4 Bg4 11. Qd3 Nd5 12. c4 Ncb4 13. Qb1 f5 14. Ng3 Nf4
15. Rg1 Nfd3+ 16. Bxd3 Nxd3+ 17. Kc2 f4 18. Ne4 Bf5 19. Rde1 Nxf2 20. Kc1 Nd3+
21. Kd1 Nxe1 22. Rxe1 Rc8 23. Ne5 Bd6 24. Qa1 Rc7 25. Nc3 Bxe5 26. Rxe5 Qd3 27.
Nd5 Bg4+ 28. Kc1 Rd7 29. Bc3 f3 30. gxf3 Rxf3 31. Kb2 Rf1 32. Re8+ Kf7 33. Re1
Rf2 34. Re3 Qf1 35. Qxf1 Rxf1 36. Rg3 h5 37. Ne3 Rf4 38. Rg2 g6 39. a3 Be6 40.
Kc2 h4 41. Rg5 Bf5+ 42. Kc1 Rf2 43. b4 cxb4 44. axb4 Re7 45. Bd4 Re4 46. Bc5
Rxh2 47. Nxf5 Rxc4+ 48. Kd1 gxf5 49. Rxf5+ Kg6 50. Rf8 h3 51. Rh8 Kf5 52. Bd6
Rg2 53. Rxh3 Rd4 54. Rf3+ Kg4 55. Rf6 Rgxd2+ 0-1

[Event "Acropolis 2008"]
[Site "Athens"]
[Date "2008.08.09"]
[Round "1.34"]
[White "Karagiannis, Athanasios"]
[Black "Stiri, Alexandra"]
[Result "1-0"]
[WhiteElo "2357"]
[BlackElo "2149"]
[PlyCount "117"]
[EventDate "2008.08.09"]
[EventType "swiss"]
[EventRounds "9"]
[EventCountry "GRE"]

1. b3 c5 2. Bb2 b6 3. Nf3 Bb7 4. c4 e6 5. g3 Nf6 6. Bg2 Be7 7. O-O O-O 8. d4
cxd4 9. Qxd4 Nc6 10. Qf4 Qb8 11. Qxb8 Raxb8 12. Nc3 Rfd8 13. Rfd1 a6 14. Rac1
Na7 15. Nd2 Bxg2 16. Kxg2 b5 17. Nde4 Nxe4 18. Nxe4 bxc4 19. Rxc4 d5 20. Rc7
Nc8 21. Nd2 Bd6 22. Rc6 Ra8 23. Rdc1 Ne7 24. Rb6 a5 25. Nf3 a4 26. b4 a3 27.
Be5 Bxe5 28. Nxe5 Nc8 29. Rb5 Nd6 30. Ra5 Rxa5 31. bxa5 f6 32. Nc6 Ra8 33. Rb1
Nc4 34. Rb5 Ra6 35. Rc5 Kf8 36. e4 Ke8 37. h4 g6 38. exd5 exd5 39. g4 Kf7 40.
f4 Ke6 41. Nd8+ Ke7 42. Nb7 Ke8 43. Kf2 Ra7 44. Rb5 Kd7 45. Rxd5+ Kc6 46. Rc5+
Kxb7 47. Rxc4 Rxa5 48. Ke3 h5 49. f5 gxf5 50. gxh5 f4+ 51. Kxf4 Rxh5 52. Kg4
Ra5 53. Rc3 Kb6 54. h5 Rg5+ 55. Kh4 Rg2 56. Rxa3 Rh2+ 57. Rh3 Rxa2 58. h6 Ra7
59. Kh5 1-0

[Event "Acropolis 2008"]
[Site "Athens"]
[Date "2008.08.09"]
[Round "1.35"]
[White "Kostopoulos, Evangellos"]
[Black "Astaneh Lopez, Alex"]
[Result "0-1"]
[WhiteElo "2150"]
[BlackElo "2357"]
[PlyCount "66"]
[EventDate "2008.08.09"]
[EventType "swiss"]
[EventRounds "9"]
[EventCountry "GRE"]

1. e4 c5 2. Nf3 Nc6 3. d4 cxd4 4. Nxd4 Nf6 5. Nc3 e5 6. Ndb5 d6 7. Bg5 a6 8.
Na3 b5 9. Nd5 Be7 10. Bxf6 Bxf6 11. c4 O-O 12. cxb5 Nd4 13. b6 Bg5 14. Bd3 Be6
15. Nc4 Rc8 16. O-O f5 17. Nc7 Rxc7 18. bxc7 Qxc7 19. Ne3 f4 20. Nd5 Qa7 21.
Qh5 h6 22. h4 Bd8 23. Rac1 Kh7 24. Qd1 Bxh4 25. Rc7 Qb8 26. Qa4 Qd8 27. Qxa6
Qg5 28. Kh1 Qh5 29. Kg1 Bg3 30. fxg3 fxg3 31. Rxg7+ Kxg7 32. Qa7+ Rf7 33. Rxf7+
Bxf7 0-1

[Event "Acropolis 2008"]
[Site "Athens"]
[Date "2008.08.09"]
[Round "1.36"]
[White "Grapsa, Georgia"]
[Black "Sergeev, Aleksander"]
[Result "0-1"]
[WhiteElo "2104"]
[BlackElo "2354"]
[PlyCount "78"]
[EventDate "2008.08.09"]
[EventType "swiss"]
[EventRounds "9"]
[EventCountry "GRE"]

1. d4 d5 2. c4 c6 3. Nf3 Nf6 4. Nc3 dxc4 5. g3 b5 6. Bg2 Bb7 7. Ne5 Qb6 8. O-O
e6 9. e4 Bb4 10. Be3 O-O 11. Ng4 Nbd7 12. a4 a5 13. d5 Bc5 14. dxc6 Bxc6 15.
axb5 Bxb5 16. e5 Nxg4 17. Bxc5 Nxc5 18. Bxa8 Nxe5 19. Bg2 Ned3 20. Nxb5 Qxb5
21. Qc2 Rb8 22. Rfb1 Nb3 23. Ra3 Qc5 24. Ra4 Nd4 25. Qd2 Rb5 26. h4 h6 27. Kh2
Nf5 28. Bf1 Ne5 29. Qe2 g6 30. Bg2 h5 31. Rf1 Nd4 32. Qe4 Kg7 33. Ra2 Ng4+ 34.
Kg1 Nf5 35. Ra3 Rxb2 36. Rf3 Rb3 37. Rc1 Nxg3 38. Rxc4 Nxe4 39. Rxc5 Nxc5 0-1

[Event "Acropolis 2008"]
[Site "Athens"]
[Date "2008.08.09"]
[Round "1.37"]
[White "Sandalakis, Angelos"]
[Black "Makka, Evanthia"]
[Result "1-0"]
[WhiteElo "2341"]
[BlackElo "2099"]
[PlyCount "47"]
[EventDate "2008.08.09"]
[EventType "swiss"]
[EventRounds "9"]
[EventCountry "GRE"]

1. Nf3 d5 2. d4 Nf6 3. c4 c6 4. Nbd2 e6 5. e3 Be7 6. Bd3 Nbd7 7. O-O O-O 8. Qe2
c5 9. Ne5 cxd4 10. exd4 dxc4 11. Ndxc4 Nb6 12. Nxb6 Qxb6 13. Rd1 Nd5 14. Be4
Bf6 15. Qf3 Ne7 16. Be3 Nd5 17. Qh3 g6 18. Ng4 Bg7 19. Nh6+ Bxh6 20. Bxh6 Rd8
21. Qh4 f6 22. Rd3 f5 23. Bxd5 exd5 24. Qe7 1-0

[Event "Acropolis 2008"]
[Site "Athens"]
[Date "2008.08.09"]
[Round "1.39"]
[White "Burtasova, Anna"]
[Black "Petraki, Maria"]
[Result "1-0"]
[WhiteElo "2329"]
[BlackElo "2069"]
[PlyCount "119"]
[EventDate "2008.08.09"]
[EventType "swiss"]
[EventRounds "9"]
[EventCountry "GRE"]

1. e4 c5 2. Nf3 d6 3. Bc4 Nc6 4. c3 Nf6 5. d3 g6 6. O-O Bg7 7. Re1 O-O 8. Bb3
b5 9. Nbd2 a5 10. a4 b4 11. d4 cxd4 12. cxd4 e5 13. d5 Ne7 14. Nc4 Nh5 15. Be3
Ba6 16. Nfd2 f5 17. Bb6 Qb8 18. Bxa5 Nf4 19. Nb6 Ra7 20. Ndc4 fxe4 21. Rxe4 Nf5
22. g3 Nh3+ 23. Kg2 Nxf2 24. Kxf2 Bxc4 25. Nxc4 Rxa5 26. Nxa5 Qb6+ 27. Kg2 Qxa5
28. Qd2 Nd4 29. Bc4 Nf3 30. Qe3 g5 31. Rf1 Nd4 32. Rxf8+ Kxf8 33. b3 Bf6 34. h4
h6 35. hxg5 Bxg5 36. Qf2+ Kg7 37. Rxd4 exd4 38. Qxd4+ Bf6 39. Qg4+ Kf8 40. Qg6
Ke7 41. Qxh6 Be5 42. Qe6+ Kf8 43. Bb5 Qb6 44. Qf5+ Ke7 45. Qf2 Bd4 46. Qe1+ Be5
47. Qxb4 Qe3 48. Qh4+ Kf8 49. Qd8+ Kg7 50. Qe7+ Kh6 51. Qf8+ Kg5 52. Qf3 Qd2+
53. Kh3 Kh6 54. Bd3 Kg7 55. Qg4+ Kf8 56. Qf5+ Ke7 57. Qe6+ Kf8 58. Bg6 Kg7 59.
Qf7+ Kh6 60. Bf5 1-0

[Event "Acropolis 2008"]
[Site "Athens"]
[Date "2008.08.09"]
[Round "1.40"]
[White "Iordanidou, Zoi"]
[Black "Secer, Ata"]
[Result "1/2-1/2"]
[WhiteElo "2060"]
[BlackElo "2320"]
[PlyCount "100"]
[EventDate "2008.08.09"]
[EventType "swiss"]
[EventRounds "9"]
[EventCountry "GRE"]

1. e4 c5 2. Nf3 Nc6 3. d3 g6 4. g3 Bg7 5. Bg2 e5 6. O-O Nge7 7. Be3 b6 8. Qd2
h6 9. c3 d6 10. d4 Bg4 11. dxc5 dxc5 12. Qc2 O-O 13. h3 Be6 14. Na3 a6 15. Qe2
Qc8 16. Nc4 Qc7 17. Rfd1 Rad8 18. a4 Nd4 19. cxd4 cxd4 20. Rac1 dxe3 21. Nxe3
Qb7 22. Nc4 Qb8 23. Ncd2 b5 24. axb5 axb5 25. Rc5 b4 26. Ra1 Qd6 27. Rb5 Nc6
28. Nc4 Qe7 29. Ra4 Qd7 30. Kh2 Rfe8 31. Ra6 Nd4 32. Nxd4 exd4 33. Nd6 Rf8 34.
Rb7 d3 35. Qd2 Qxd6 36. Rxd6 Rxd6 37. Rxb4 Rc8 38. Bf3 Rc2 39. Qe3 h5 40. e5
Rd7 41. Bd1 Kh7 42. Bxc2 dxc2 43. Qc3 Bf5 44. Rc4 Rd1 45. Qe3 Bh6 46. f4 h4 47.
g4 Rd5 48. Qc1 Rd1 49. Qe3 Rd5 50. Qc1 Rd1 1/2-1/2

[Event "Acropolis 2008"]
[Site "Athens"]
[Date "2008.08.09"]
[Round "1.41"]
[White "Gazis, Efstathios"]
[Black "Pavlidou, Ekaterini"]
[Result "0-1"]
[WhiteElo "2308"]
[BlackElo "2034"]
[PlyCount "76"]
[EventDate "2008.08.09"]
[EventType "swiss"]
[EventRounds "9"]
[EventCountry "GRE"]

1. e4 c5 2. Nf3 e6 3. d4 cxd4 4. Nxd4 Nf6 5. Nc3 Nc6 6. Bf4 Bb4 7. Ndb5 Nxe4 8.
Qf3 d5 9. O-O-O Bxc3 10. Nc7+ Kf8 11. bxc3 g5 12. Qxe4 gxf4 13. Qxf4 Rb8 14.
Bb5 Rg8 15. Bxc6 bxc6 16. Nxd5 Qg5 17. Qxg5 Rxg5 18. Nb4 Bb7 19. Rd7 c5 20. Nd3
c4 21. Ne1 Ra5 22. h4 Rxa2 23. h5 Bd5 24. Rh4 Ra1+ 25. Kd2 Rbb1 26. Rh1 Bxg2
27. Nxg2 Rxh1 28. Ke2 Rxh5 29. Ne3 Rh4 30. Kf3 h5 31. Kg3 Rhh1 32. Nxc4 h4+ 33.
Kf3 h3 34. Ne5 Rhg1 35. Rxf7+ Kg8 36. Rc7 h2 37. Rc8+ Kh7 38. Rc7+ Rg7 0-1

[Event "Acropolis 2008"]
[Site "Athens"]
[Date "2008.08.09"]
[Round "1.42"]
[White "Manelidou, Maria"]
[Black "Sandu, Mihaela"]
[Result "0-1"]
[WhiteElo "1975"]
[BlackElo "2288"]
[PlyCount "68"]
[EventDate "2008.08.09"]
[EventType "swiss"]
[EventRounds "9"]
[EventCountry "GRE"]

1. e4 c5 2. Nf3 e6 3. c4 Nc6 4. Nc3 e5 5. Be2 g6 6. O-O Bg7 7. d3 Nge7 8. Ne1
O-O 9. f4 exf4 10. Bxf4 d6 11. Qd2 Nd4 12. Bh6 Nec6 13. Nf3 a6 14. Bxg7 Kxg7
15. Rf2 b5 16. b3 bxc4 17. bxc4 Rb8 18. Raf1 Qa5 19. Qc1 Be6 20. Nh4 Ne5 21.
Nd5 Bxd5 22. cxd5 f6 23. Qe3 Rb2 24. Bd1 Qxa2 25. Rxb2 Qxb2 26. Nf5+ gxf5 27.
exf5 Qc3 28. Qg3+ Kh8 29. Qh4 Qxd3 30. Qh6 Rf7 31. Bh5 Nxf5 32. Rxf5 Qxf5 33.
Bxf7 Qb1+ 34. Kf2 Ng4+ 0-1

[Event "Acropolis 2008"]
[Site "Athens"]
[Date "2008.08.10"]
[Round "2.3"]
[White "Gelashvili, Tamaz"]
[Black "Maric, Alisa"]
[Result "1-0"]
[WhiteElo "2612"]
[BlackElo "2412"]
[PlyCount "121"]
[EventDate "2008.08.09"]

1. d4 Nf6 2. Nf3 e6 3. c4 b6 4. e3 Bb7 5. Bd3 d5 6. O-O Nbd7 7. Nc3 a6 8. Qc2
dxc4 9. Bxc4 b5 10. Bd3 c5 11. a4 b4 12. Ne4 cxd4 13. exd4 Be7 14. Bf4 Nxe4 15.
Bxe4 Rc8 16. Qe2 Bxe4 17. Qxe4 Qb6 18. Ne5 Nf6 19. Qd3 O-O 20. Nc4 Qc6 21. Rfc1
Qe4 22. Qxe4 Nxe4 23. Na5 g5 24. Be3 h6 25. h4 f5 26. f3 Ng3 27. Rc6 Rxc6 28.
Nxc6 Bd6 29. hxg5 Rc8 30. Ne5 hxg5 31. Bxg5 Ne2+ 32. Kf1 Nxd4 33. Nd3 Kf7 34.
Rd1 Nb3 35. Be3 Rc6 36. g4 fxg4 37. fxg4 a5 38. Ke2 Rc2+ 39. Kf3 Bb8 40. Rh1
Kg7 41. Rh5 Nd2+ 42. Bxd2 Rxd2 43. Ke3 Rg2 44. Rxa5 Rg3+ 45. Kd2 Rg2+ 46. Kd1
Rg1+ 47. Kc2 Rg2+ 48. Kb3 Rg3 49. Kc4 Rxg4+ 50. Kb5 Bd6 51. Ra7+ Kf6 52. Rd7
Rd4 53. Kc6 Rxd3 54. Rxd6 Rh3 55. Rd4 b3 56. Rb4 e5 57. a5 e4 58. a6 Ke5 59. a7
Rh6+ 60. Kb7 Rh7+ 61. Ka6 1-0

[Event "Acropolis 2008"]
[Site "Athens"]
[Date "2008.08.10"]
[Round "2.5"]
[White "Svetushkin, Dmitry"]
[Black "Saravanan, V."]
[Result "1/2-1/2"]
[WhiteElo "2587"]
[BlackElo "2405"]
[PlyCount "136"]
[EventDate "2008.08.09"]

1. d4 Nf6 2. c4 g6 3. Nc3 Bg7 4. e4 d6 5. f3 O-O 6. Nge2 c6 7. Be3 a6 8. c5 b5
9. cxd6 exd6 10. Qd2 Nbd7 11. Nf4 Nb6 12. Be2 Nc4 13. Bxc4 bxc4 14. O-O d5 15.
e5 Nd7 16. Nfe2 Re8 17. f4 f5 18. Na4 Rb8 19. Rab1 Nf8 20. b3 cxb3 21. axb3 Ne6
22. b4 Bf8 23. Qc3 Bd7 24. Rb2 Rb5 25. Bd2 Qh4 26. Qf3 Reb8 27. Rfb1 Kf7 28.
Be1 Qh6 29. h4 Be7 30. g3 Qf8 31. Qc3 Ke8 32. Nc5 Nxc5 33. bxc5 Kf7 34. Qa3
R8b7 35. Rxb5 Rxb5 36. Rxb5 axb5 37. Qa7 Ke6 38. Ba5 h6 39. Bc7 Qg8 40. Bd6 Bd8
41. Bc7 Be7 42. Ba5 Qe8 43. Bd2 Kf7 44. Nc1 Be6 45. Nb3 Qd7 46. Qa1 Qc8 47. Kf2
Qb7 48. Ke3 Bc8 49. Ba5 Qa6 50. Kd2 b4 51. Bxb4 Qc4 52. Qc3 Qb5 53. Kc2 Ba6 54.
Kb2 Qe2+ 55. Ka3 Bc4 56. Ba5 g5 57. hxg5 hxg5 58. Nd2 Bd3 59. Nb3 Bc4 60. Bc7
g4 61. Ba5 Ke6 62. Qe1 Qxe1 63. Bxe1 Bxb3 64. Kxb3 Bd8 65. Ka4 Kd7 66. Ba5 Be7
67. Bb4 Bd8 68. Bc3 Ke6 1/2-1/2

[Event "Acropolis 2008"]
[Site "Athens"]
[Date "2008.08.10"]
[Round "2.6"]
[White "Zawadzka, Jolanta"]
[Black "Kotanjian, Tigran"]
[Result "1/2-1/2"]
[WhiteElo "2389"]
[BlackElo "2578"]
[PlyCount "139"]
[EventDate "2008.08.09"]

1. e4 c5 2. Nf3 Nc6 3. d4 cxd4 4. Nxd4 Nf6 5. Nc3 d6 6. Bg5 e6 7. Qd2 a6 8.
O-O-O Bd7 9. f3 h6 10. Be3 b5 11. Nxc6 Bxc6 12. Ne2 Qc7 13. Nd4 Bb7 14. Bd3 e5
15. Nb3 d5 16. Qa5 Qc8 17. Rhe1 dxe4 18. fxe4 Be7 19. Bf2 O-O 20. Bg3 Nd7 21.
Kb1 Rd8 22. Qd2 Rb8 23. Qf2 f6 24. c3 Nc5 25. Nxc5 Bxc5 26. Qe2 Kh8 27. Bc2 b4
28. Rxd8+ Qxd8 29. Rd1 Qb6 30. Be1 bxc3 31. Bxc3 Bb4 32. Qc4 Bxc3 33. Qxc3 Rc8
34. Qd3 Qf2 35. Qd2 Qh4 36. g3 Qg4 37. Qd7 Qe2 38. Rd2 Qf1+ 39. Rd1 Qc4 40. Qd3
Qc6 41. a3 a5 42. Rd2 Qb6 43. Bd1 Qg1 44. Ka2 Qe1 45. Re2 Qf1 46. Bb3 Bc6 47.
Be6 Re8 48. Bg4 Ra8 49. Qc4 Be8 50. Be6 Bg6 51. Qc6 Re8 52. Rc2 Qd3 53. Bd5 Rd8
54. Rc3 Qd4 55. Qb7 Qa4 56. Rc7 Rxd5 57. Qxd5 Bxe4 58. Rc8+ Kh7 59. Qg8+ Kg6
60. Rc7 Bf3 61. Qxg7+ Kf5 62. Qh7+ Ke6 63. Qf7+ Kf5 64. Rc4 Qd1 65. h3 h5 66.
Qg8 a4 67. Qc8+ Kg5 68. Qg8+ Kf5 69. Qc8+ Kg5 70. Qg8+ 1/2-1/2

[Event "Acropolis 2008"]
[Site "Athens"]
[Date "2008.08.10"]
[Round "2.7"]
[White "Mastrovasilis, Dimitrios"]
[Black "Atakisi, Umut"]
[Result "0-1"]
[WhiteElo "2563"]
[BlackElo "2388"]
[PlyCount "80"]
[EventDate "2008.08.09"]

1. e4 c5 2. Nf3 Nc6 3. Bb5 d6 4. d4 cxd4 5. Qxd4 Bd7 6. Bxc6 Bxc6 7. Bg5 e5 8.
Qe3 f6 9. Bh4 Qb6 10. Qxb6 axb6 11. Nc3 b5 12. Nd2 b4 13. Nd1 Ne7 14. f3 d5 15.
Nf2 dxe4 16. Nfxe4 Nd5 17. Bf2 Kf7 18. O-O Be7 19. Nb3 h5 20. h4 f5 21. Ned2
Bf6 22. Rfe1 Rhe8 23. Nc4 Kg6 24. Nba5 e4 25. Nxc6 bxc6 26. fxe4 fxe4 27. a4 e3
28. Bg3 Re4 29. b3 Bxa1 30. Rxa1 Rxc4 31. bxc4 Nb6 32. c5 Nxa4 33. Be1 Nb6 34.
Rxa8 Nxa8 35. Bxb4 Nc7 36. Bc3 Ne6 37. g3 Kf5 38. Kg2 Ke4 39. g4 Nf4+ 40. Kh2
hxg4 0-1

[Event "Acropolis 2008"]
[Site "Athens"]
[Date "2008.08.10"]
[Round "2.8"]
[White "Georgiadis, Ioannis"]
[Black "Salgado Lopez, Ivan"]
[Result "0-1"]
[WhiteElo "2373"]
[BlackElo "2532"]
[PlyCount "54"]
[EventDate "2008.08.09"]

1. e4 c5 2. Nf3 e6 3. Nc3 a6 4. d4 cxd4 5. Nxd4 Qc7 6. Bd3 Nf6 7. O-O d6 8. f4
Nbd7 9. Kh1 b5 10. Qe2 Bb7 11. Bd2 Be7 12. Rae1 Nc5 13. e5 Nfd7 14. f5 Nxe5 15.
fxe6 Nxe6 16. Nf5 O-O 17. Be4 Rae8 18. Qh5 g6 19. Qh6 gxf5 20. Bxf5 Ng6 21. Ne4
Bxe4 22. Rxe4 Bf6 23. Rf3 Qxc2 24. Rc3 Qb1+ 25. Rc1 Qxb2 26. Rh4 Bxh4 27. Bc3
Bg5 0-1

[Event "Acropolis 2008"]
[Site "Athens"]
[Date "2008.08.10"]
[Round "2.10"]
[White "Asik, Josip"]
[Black "Rasmussen, Allan Stig"]
[Result "0-1"]
[WhiteElo "2368"]
[BlackElo "2519"]
[PlyCount "168"]
[EventDate "2008.08.09"]

1. e4 c6 2. Nf3 d5 3. Nc3 dxe4 4. Nxe4 Nd7 5. Bc4 Ngf6 6. Neg5 Nd5 7. d4 h6 8.
Ne4 e6 9. O-O b5 10. Bd3 Be7 11. a4 b4 12. c4 bxc3 13. bxc3 O-O 14. Qe2 Qc7 15.
Bc2 a5 16. Re1 Ba6 17. Bd3 Bb7 18. g3 c5 19. Ba3 Rab8 20. Bb5 N5f6 21. Nfd2
Rfd8 22. Rad1 Bf8 23. dxc5 Nxc5 24. Bxc5 Bxc5 25. Qc4 Nxe4 26. Nxe4 Bb6 27.
Qxc7 Bxc7 28. Nc5 Bf3 29. Rd3 Rxd3 30. Bxd3 Bd6 31. Be4 Bxe4 32. Nxe4 Be7 33.
Nd2 Rb2 34. Nc4 Ra2 35. Re5 Rxa4 36. Nxa5 Bf6 37. Rc5 Bxc3 38. Rxc3 Rxa5 39. h4
Ra2 40. Kg2 Kh7 41. Rc7 Kg6 42. Rb7 Kf6 43. Kf3 h5 44. Ke3 Ra3+ 45. Ke2 Ra2+
46. Ke3 g6 47. Kf3 Ra3+ 48. Ke2 e5 49. Kd2 Ke6 50. Ke2 f6 51. Rg7 Kf5 52. Rg8
Ra6 53. Ke3 Rb6 54. Rg7 Rb8 55. Ke2 Rb4 56. Ke3 Rg4 57. Re7 Re4+ 58. Kf3 Re1
59. Rg7 e4+ 60. Kg2 Re2 61. Kf1 Ra2 62. Rg8 Ra6 63. Ke2 Rb6 64. Rg7 Rb2+ 65.
Kf1 Ra2 66. Rg8 Ra6 67. Ke2 Ra3 68. Rg7 Rf3 69. Re7 Rb3 70. Rg7 Rc3 71. Rg8 Rf3
72. Re8 g5 73. hxg5 fxg5 74. Rf8+ Kg4 75. Re8 Kh3 76. Re5 g4 77. Rxh5+ Kg2 78.
Rg5 Rxf2+ 79. Ke1 Rf1+ 80. Ke2 Rf2+ 81. Ke1 Ra2 82. Rxg4 Kf3 83. Rg8 Ra1+ 84.
Kd2 e3+ 0-1

[Event "Acropolis 2008"]
[Site "Athens"]
[Date "2008.08.10"]
[Round "2.11"]
[White "Mastrovasilis, Athanasios"]
[Black "Sandalakis, Angelos"]
[Result "1/2-1/2"]
[WhiteElo "2518"]
[BlackElo "2341"]
[PlyCount "38"]
[EventDate "2008.08.09"]

1. Nf3 Nf6 2. c4 e6 3. Nc3 d5 4. d4 Be7 5. Bg5 O-O 6. e3 h6 7. Bxf6 Bxf6 8. Qc2
b6 9. e4 Bb7 10. cxd5 exd5 11. e5 Be7 12. O-O-O Na6 13. Qf5 Bc8 14. Qh5 Nb4 15.
a3 Nc6 16. Bd3 b5 17. Bxb5 Na5 18. h4 Rb8 19. g4 c6 1/2-1/2

[Event "Acropolis 2008"]
[Site "Athens"]
[Date "2008.08.10"]
[Round "2.12"]
[White "Astaneh Lopez, Alex"]
[Black "Zubarev, Alexander"]
[Result "0-1"]
[WhiteElo "2357"]
[BlackElo "2517"]
[PlyCount "118"]
[EventDate "2008.08.09"]

1. Nf3 d5 2. d4 c6 3. e3 Bg4 4. h3 Bxf3 5. Qxf3 Nf6 6. c4 e6 7. Nc3 Nbd7 8.
cxd5 exd5 9. Bd3 Bd6 10. O-O O-O 11. a3 Re8 12. Re1 a5 13. Bd2 Qb6 14. Rab1 Re7
15. b4 axb4 16. axb4 Rae8 17. b5 Qd8 18. bxc6 bxc6 19. Rec1 Ne4 20. Bxe4 dxe4
21. Qe2 Re6 22. Rb7 Rg6 23. Kh1 Qc8 24. Rcb1 Nf6 25. Qc4 Rf8 26. Ne2 Nd5 27.
Nf4 Bxf4 28. exf4 h5 29. Qc5 Rf6 30. Kg1 Kh7 31. Ra7 Re8 32. Rbb7 Qf5 33. Be3
Kg6 34. Ra5 h4 35. Qc1 Kh7 36. Rc7 Rb8 37. Rc5 Nxc7 38. Rxf5 Rxf5 39. Qc2 Nd5
40. Qxe4 g6 41. Qc2 Rf6 42. Kh2 Re8 43. Qd1 Nxe3 44. fxe3 Rxe3 45. Qg4 Re4 46.
Qxh4+ Kg7 47. Qg5 Rxd4 48. g3 Rd2+ 49. Kg1 Rf5 50. Qe7 Ra5 51. Qe1 Raa2 52. f5
Rg2+ 53. Kf1 Raf2+ 54. Qxf2 Rxf2+ 55. Kxf2 gxf5 56. Ke3 Kf6 57. Kd4 Kg5 58. Ke3
f4+ 59. gxf4+ Kh4 0-1

[Event "Acropolis 2008"]
[Site "Athens"]
[Date "2008.08.10"]
[Round "2.13"]
[White "Sergeev, Aleksander"]
[Black "Rakhmanov, Aleksandr"]
[Result "0-1"]
[WhiteElo "2354"]
[BlackElo "2489"]
[PlyCount "82"]
[EventDate "2008.08.09"]

1. d4 Nf6 2. Nf3 g6 3. g3 Bg7 4. Bg2 O-O 5. O-O d5 6. c4 c6 7. cxd5 cxd5 8. Nc3
e6 9. Bf4 Nc6 10. Ne5 Bd7 11. Qd2 Qb6 12. Rfd1 Ne7 13. Nxd7 Nxd7 14. Na4 Qa6
15. b3 Nc6 16. e3 Rfc8 17. Bf1 Qa5 18. Qxa5 Nxa5 19. Bb5 Nc6 20. Bd6 a6 21. Be2
Bf8 22. Bxf8 Kxf8 23. Rdc1 Ke7 24. Nc5 Nxc5 25. Rxc5 b6 26. Rcc1 Kd6 27. a3 f6
28. Kf1 Na5 29. Bd1 e5 30. dxe5+ fxe5 31. f4 exf4 32. exf4 Rc5 33. Ke2 Rac8 34.
Kd2 d4 35. Rxc5 bxc5 36. Rb1 Re8 37. Rc1 Rb8 38. Rb1 Re8 39. Rc1 c4 40. bxc4
Kc5 41. Bg4 Nb3+ 0-1

[Event "Acropolis 2008"]
[Site "Athens"]
[Date "2008.08.10"]
[Round "2.14"]
[White "Zhukova, Natalia"]
[Black "Burtasova, Anna"]
[Result "1-0"]
[WhiteElo "2489"]
[BlackElo "2329"]
[PlyCount "45"]
[EventDate "2008.08.09"]

1. d4 Nf6 2. c4 c5 3. d5 b5 4. cxb5 a6 5. e3 axb5 6. Bxb5 Qa5+ 7. Nc3 Bb7 8.
Bd2 Qb6 9. a4 Nxd5 10. Nxd5 Bxd5 11. Nf3 e6 12. Bc3 Be7 13. O-O O-O 14. Nd2 f5
15. f3 Bg5 16. e4 fxe4 17. fxe4 Rxf1+ 18. Bxf1 Bxd2 19. Qxd2 Bxe4 20. Qg5 e5
21. Bc4+ Kh8 22. Bxe5 Bg6 23. Qe7 1-0

[Event "Acropolis 2008"]
[Site "Athens"]
[Date "2008.08.10"]
[Round "2.15"]
[White "Sandu, Mihaela"]
[Black "Managadze, Nikoloz"]
[Result "0-1"]
[WhiteElo "2288"]
[BlackElo "2444"]
[PlyCount "61"]
[EventDate "2008.08.09"]

1. e4 c6 2. c4 e5 3. Nc3 d6 4. g3 g6 5. d4 Nd7 6. Bg2 Bg7 7. Nge2 Ngf6 8. O-O
O-O 9. h3 exd4 10. Nxd4 a5 11. Bf4 Ne5 12. b3 Re8 13. Rc1 Nfd7 14. Rc2 Nc5 15.
Rd2 Qb6 16. Be3 a4 17. f4 Ned7 18. Kh2 Qb4 19. Qc2 axb3 20. axb3 Bxd4 21. Rxd4
Nxb3 22. Rdd1 Na5 23. Rb1 Qxc4 24. f5 Ne5 25. Rf4 Qd3 26. Qc1 Nac4 27. Bg1 Ra3
28. Rh4 Nd2 29. Qxa3 Nef3+ 30. Bxf3 Nxf3+ 31. Kg2 0-1